000
00308 a2200109 4500
001
ART_12899
005
20260410161734.0
008
260409a
245
1
0
_a
Los futuros de cambio
100
1
_a
Janovitz, Elemer
773
0
_t
Ejecutivos de finanzas
_g
- Año 7, Nº 67 (jul. 1990)
_w
REV2863
999
_c
18112
_d
18112